[Event "Ch France 2018"]
[Site "?"]
[Date "2018.08.26"]
[Round "10.1"]
[White "Gozzoli, Yannick"]
[Black "Edouard, Romain"]
[Result "1/2-1/2"]
[BlackElo "2638"]
[WhiteElo "2596"]
[LiveChessVersion "1.4.8"]

1. d4 {[%clk 0:05:04]} e6 {[%clk 0:05:05]} 2. Nf3 {[%clk 0:05:05]} c5
{[%clk 0:05:02]} 3. c3 {[%clk 0:04:53]} Nf6 {[%clk 0:05:01]} 4. Bg5
{[%clk 0:04:54]} h6 {[%clk 0:04:59]} 5. Bxf6 {[%clk 0:04:50]} Qxf6
{[%clk 0:05:00]} 6. e4 {[%clk 0:04:51]} cxd4 {[%clk 0:03:57]} 7. cxd4
{[%clk 0:04:53]} Qd8 {[%clk 0:03:59]} 8. Nc3 {[%clk 0:04:53]} d6 {[%clk 0:03:54]}
9. Bd3 {[%clk 0:04:48]} g6 {[%clk 0:03:55]} 10. O-O {[%clk 0:04:35]} Bg7
{[%clk 0:03:57]} 11. Qd2 {[%clk 0:04:27]} O-O {[%clk 0:03:55]} 12. Rad1
{[%clk 0:04:28]} a6 {[%clk 0:03:54]} 13. Rfe1 {[%clk 0:04:26]} b5
{[%clk 0:03:37]} 14. h4 {[%clk 0:04:24]} Nc6 {[%clk 0:03:17]} 15. Bb1
{[%clk 0:04:23]} e5 {[%clk 0:02:56]} 16. dxe5 {[%clk 0:04:24]} dxe5
{[%clk 0:02:51]} 17. Qxd8 {[%clk 0:03:59]} Rxd8 {[%clk 0:02:53]} 18. Rxd8+
{[%clk 0:03:55]} Nxd8 {[%clk 0:02:55]} 19. h5 {[%clk 0:03:52]} gxh5
{[%clk 0:02:32]} 20. Nd5 {[%clk 0:03:50]} Be6 {[%clk 0:02:20]} 21. Bd3
{[%clk 0:03:14]} Kf8 {[%clk 0:02:06]} 22. Nh4 {[%clk 0:02:53]} Nc6
{[%clk 0:01:42]} 23. Nc7 {[%clk 0:02:39]} Ra7 {[%clk 0:01:37]} 24. Nxe6+
{[%clk 0:02:40]} fxe6 {[%clk 0:01:39]} 25. Be2 {[%clk 0:02:34]} Nd4
{[%clk 0:01:35]} 26. Bxh5 {[%clk 0:02:33]} Rc7 {[%clk 0:01:30]} 27. Ng6+
{[%clk 0:02:26]} Kg8 {[%clk 0:01:32]} 28. Re3 {[%clk 0:02:27]} a5
{[%clk 0:01:24]} 29. Rd3 {[%clk 0:01:30]} Rc1+ {[%clk 0:01:20]} 30. Rd1
{[%clk 0:01:21]} Rc2 {[%clk 0:01:15]} 31. Rb1 {[%clk 0:01:17]} b4
{[%clk 0:01:14]} 32. Bd1 {[%clk 0:01:13]} Rc7 {[%clk 0:01:02]} 33. Nh4
{[%clk 0:01:12]} Bf8 {[%clk 0:01:02]} 34. Kf1 {[%clk 0:01:06]} Kf7
{[%clk 0:01:04]} 35. Nf3 {[%clk 0:01:04]} Nxf3 {[%clk 0:01:05]} 36. Bxf3
{[%clk 0:01:05]} Rc2 {[%clk 0:01:02]} 37. Bd1 {[%clk 0:01:07]} Rc4
{[%clk 0:01:04]} 38. f3 {[%clk 0:01:07]} h5 {[%clk 0:00:59]} 39. Bb3
{[%clk 0:01:05]} Rc6 {[%clk 0:00:56]} 40. Ke2 {[%clk 0:01:05]} Bh6
{[%clk 0:00:56]} 1/2-1/2

[Event "Ch France 2018"]
[Site "?"]
[Date "2018.08.26"]
[Round "11.1"]
[White "Gharamian, Tigran"]
[Black "Gozzoli, Yannick"]
[Result "1-0"]
[BlackElo "2596"]
[WhiteElo "2614"]
[LiveChessVersion "1.4.8"]

1. e4 {[%clk 0:05:03]} e5 {[%clk 0:05:05]} 2. Nf3 {[%clk 0:05:04]} Nc6
{[%clk 0:05:07]} 3. Bb5 {[%clk 0:05:05]} a6 {[%clk 0:05:09]} 4. Ba4
{[%clk 0:05:05]} Nf6 {[%clk 0:05:11]} 5. O-O {[%clk 0:05:02]} Be7
{[%clk 0:05:13]} 6. d3 {[%clk 0:04:49]} d6 {[%clk 0:05:14]} 7. c3
{[%clk 0:04:47]} O-O {[%clk 0:05:15]} 8. Re1 {[%clk 0:04:32]} Re8
{[%clk 0:05:17]} 9. Nbd2 {[%clk 0:04:31]} Bf8 {[%clk 0:05:19]} 10. Nf1
{[%clk 0:04:21]} h6 {[%clk 0:05:21]} 11. h3 {[%clk 0:04:19]} b5 {[%clk 0:04:58]}
12. Bc2 {[%clk 0:04:20]} d5 {[%clk 0:04:42]} 13. exd5 {[%clk 0:03:59]} Nxd5
{[%clk 0:04:35]} 14. a4 {[%clk 0:03:50]} b4 {[%clk 0:04:26]} 15. Bd2
{[%clk 0:03:51]} a5 {[%clk 0:04:20]} 16. Ng3 {[%clk 0:03:06]} g6 {[%clk 0:04:09]}
17. Bb3 {[%clk 0:02:52]} Be6 {[%clk 0:02:58]} 18. Bc4 {[%clk 0:02:42]} Bg7
{[%clk 0:02:49]} 19. Ne4 {[%clk 0:02:16]} bxc3 {[%clk 0:02:39]} 20. bxc3
{[%clk 0:02:12]} Qe7 {[%clk 0:01:23]} 21. Bb5 {[%clk 0:02:13]} Bd7
{[%clk 0:01:24]} 22. Qc2 {[%clk 0:01:42]} Qf8 {[%clk 0:01:11]} 23. Bc1
{[%clk 0:01:34]} f5 {[%clk 0:01:01]} 24. Ba3 {[%clk 0:01:36]} Qf7
{[%clk 0:01:03]} 25. Nc5 {[%clk 0:01:38]} Rad8 {[%clk 0:00:52]} 26. Nxd7
{[%clk 0:01:11]} Qxd7 {[%clk 0:00:54]} 27. d4 {[%clk 0:01:01]} e4
{[%clk 0:00:42]} 28. Ne5 {[%clk 0:01:02]} Bxe5 {[%clk 0:00:43]} 29. dxe5
{[%clk 0:01:04]} Qe6 {[%clk 0:00:28]} 30. Rad1 {[%clk 0:00:50]} Nxe5
{[%clk 0:00:29]} 31. Bxe8 Rxe8 32. Qd2 {[%clk 0:00:38]} c6 {[%clk 0:00:27]} 33.
Qxh6 {[%clk 0:00:33]} Nf7 {[%clk 0:00:29]} 34. Qd2 {[%clk 0:00:32]} Ne5
{[%clk 0:00:25]} 35. Qg5 {[%clk 0:00:19]} Nf7 {[%clk 0:00:26]} 36. Qg3
{[%clk 0:00:13]} f4 {[%clk 0:00:26]} 37. Qg4 {[%clk 0:00:09]} Qf6
{[%clk 0:00:28]} 38. c4 {[%clk 0:00:09]} Ne5 {[%clk 0:00:26]} 39. Rxe4
{[%clk 0:00:12]} Nc3 {[%clk 0:00:24]} 40. Rxe5 {[%clk 0:00:09]} Rxe5
{[%clk 0:00:20]} 41. Rd7 {[%clk 0:00:05]} Ne2+ {[%clk 0:00:13]} 42. Kh2 Nd4 43.
Rxd4 {[%clk 0:00:07]} Rf5 {[%clk 0:00:15]} 44. Re4 {[%clk 0:00:07]} c5
{[%clk 0:00:17]} 45. Bb2 {[%clk 0:00:08]} Qf7 {[%clk 0:00:18]} 46. Re5
{[%clk 0:00:08]} 1-0

[Event "Ch France 2018"]
[Site "?"]
[Date "2018.08.26"]
[Round "12.1"]
[White "Edouard, Romain"]
[Black "Gharamian, Tigran"]
[Result "1-0"]
[BlackElo "2614"]
[WhiteElo "2638"]
[LiveChessVersion "1.4.8"]

1. d4 {[%clk 0:05:05]} Nf6 {[%clk 0:05:03]} 2. c4 {[%clk 0:05:07]} e6
{[%clk 0:05:02]} 3. Nc3 {[%clk 0:05:09]} d5 {[%clk 0:04:57]} 4. cxd5
{[%clk 0:05:10]} Nxd5 {[%clk 0:04:58]} 5. e4 {[%clk 0:05:12]} Nxc3
{[%clk 0:05:00]} 6. bxc3 {[%clk 0:05:14]} c5 {[%clk 0:05:01]} 7. Nf3
{[%clk 0:05:15]} cxd4 {[%clk 0:05:02]} 8. cxd4 {[%clk 0:05:17]} Bb4+
{[%clk 0:05:03]} 9. Bd2 {[%clk 0:05:19]} Bxd2+ {[%clk 0:05:03]} 10. Qxd2
{[%clk 0:05:21]} O-O {[%clk 0:05:02]} 11. Bc4 {[%clk 0:05:22]} Nd7
{[%clk 0:05:02]} 12. O-O {[%clk 0:05:20]} b6 {[%clk 0:05:03]} 13. Rad1
{[%clk 0:05:22]} Bb7 {[%clk 0:04:45]} 14. Rfe1 {[%clk 0:05:23]} Rc8
{[%clk 0:04:45]} 15. Bb3 {[%clk 0:05:25]} Re8 {[%clk 0:04:29]} 16. h3
{[%clk 0:05:26]} h6 {[%clk 0:04:29]} 17. Re3 {[%clk 0:05:12]} Qc7
{[%clk 0:03:49]} 18. Qe2 {[%clk 0:05:03]} Rcd8 {[%clk 0:03:18]} 19. Nh2
{[%clk 0:03:55]} Nf6 {[%clk 0:03:12]} 20. Ng4 {[%clk 0:03:44]} Qe7
{[%clk 0:02:33]} 21. d5 {[%clk 0:03:22]} Nxg4 {[%clk 0:02:00]} 22. Qxg4
{[%clk 0:03:24]} exd5 {[%clk 0:01:48]} 23. exd5 {[%clk 0:03:15]} Qg5
{[%clk 0:01:22]} 24. Rxe8+ {[%clk 0:02:51]} Rxe8 {[%clk 0:01:23]} 25. Qd7
{[%clk 0:02:52]} Qe7 {[%clk 0:01:25]} 26. Qxe7 {[%clk 0:02:33]} Rxe7
{[%clk 0:01:27]} 27. d6 {[%clk 0:02:35]} Re8 {[%clk 0:00:11]} 28. d7
{[%clk 0:02:37]} Rd8 {[%clk 0:00:13]} 29. Ba4 {[%clk 0:02:39]} 1-0

[Event "Ch France 2018"]
[Site "?"]
[Date "2018.08.26"]
[Round "13.1"]
[White "Edouard, Romain"]
[Black "Gozzoli, Yannick"]
[Result "1/2-1/2"]
[BlackElo "2596"]
[WhiteElo "2638"]
[LiveChessVersion "1.4.8"]

1. d4 {[%clk 0:05:05]} d5 {[%clk 0:05:04]} 2. Nf3 {[%clk 0:05:06]} Nf6
{[%clk 0:05:06]} 3. c4 {[%clk 0:05:00]} c6 {[%clk 0:05:06]} 4. Nc3
{[%clk 0:04:59]} e6 {[%clk 0:05:06]} 5. Bg5 {[%clk 0:04:58]} h6 {[%clk 0:05:08]}
6. Bh4 {[%clk 0:04:41]} Nbd7 {[%clk 0:04:30]} 7. e3 {[%clk 0:04:32]} g5
{[%clk 0:04:31]} 8. Bg3 {[%clk 0:04:34]} Nh5 {[%clk 0:04:33]} 9. Be5
{[%clk 0:04:15]} Ng7 {[%clk 0:04:15]} 10. Bg3 {[%clk 0:04:05]} Nh5
{[%clk 0:04:11]} 11. Be5 {[%clk 0:04:07]} Ng7 {[%clk 0:04:11]} 12. Bg3
{[%clk 0:04:08]} 1/2-1/2

[Event "Ch France 2018"]
[Site "?"]
[Date "2018.08.26"]
[Round "14.1"]
[White "Gozzoli, Yannick"]
[Black "Gharamian, Tigran"]
[Result "0-1"]
[BlackElo "2614"]
[WhiteElo "2596"]
[LiveChessVersion "1.4.8"]

1. d4 {[%clk 0:05:05]} Nf6 {[%clk 0:05:04]} 2. Nf3 {[%clk 0:05:07]} d5
{[%clk 0:05:05]} 3. Bg5 {[%clk 0:05:09]} e6 {[%clk 0:04:59]} 4. Nbd2
{[%clk 0:05:03]} c5 {[%clk 0:04:54]} 5. e3 {[%clk 0:05:02]} Nc6 {[%clk 0:04:54]}
6. c3 {[%clk 0:04:55]} h6 {[%clk 0:04:41]} 7. Bf4 {[%clk 0:04:40]} Bd6
{[%clk 0:04:14]} 8. Bg3 {[%clk 0:04:07]} O-O {[%clk 0:04:00]} 9. Bb5
{[%clk 0:04:04]} Ne7 {[%clk 0:03:38]} 10. Bd3 {[%clk 0:03:59]} b6
{[%clk 0:02:37]} 11. O-O {[%clk 0:03:29]} Bb7 {[%clk 0:02:38]} 12. Bxd6
{[%clk 0:03:31]} Qxd6 {[%clk 0:02:40]} 13. Ne5 {[%clk 0:03:33]} Nd7
{[%clk 0:02:13]} 14. f4 {[%clk 0:03:34]} f6 {[%clk 0:02:11]} 15. Nxd7
{[%clk 0:03:31]} Qxd7 {[%clk 0:02:13]} 16. Nf3 {[%clk 0:03:31]} Bc6
{[%clk 0:01:52]} 17. Qe2 {[%clk 0:03:26]} Nf5 {[%clk 0:01:47]} 18. Rad1
{[%clk 0:03:00]} Nd6 {[%clk 0:01:43]} 19. Rfe1 {[%clk 0:02:49]} Bb5
{[%clk 0:01:18]} 20. Bxb5 {[%clk 0:02:33]} Qxb5 {[%clk 0:01:19]} 21. Qxb5
{[%clk 0:02:35]} Nxb5 {[%clk 0:01:21]} 22. dxc5 {[%clk 0:02:33]} bxc5
{[%clk 0:01:23]} 23. e4 {[%clk 0:02:31]} Rad8 {[%clk 0:01:24]} 24. Rd2
{[%clk 0:02:15]} d4 {[%clk 0:00:48]} 25. Red1 {[%clk 0:02:11]} e5
{[%clk 0:00:33]} 26. fxe5 {[%clk 0:02:05]} fxe5 {[%clk 0:00:35]} 27. Nxe5
{[%clk 0:02:00]} Rfe8 {[%clk 0:00:30]} 28. Nf3 {[%clk 0:01:59]} Rxe4
{[%clk 0:00:29]} 29. a4 {[%clk 0:02:00]} Nd6 {[%clk 0:00:28]} 30. cxd4
{[%clk 0:01:58]} Nc4 {[%clk 0:00:30]} 31. Rc2 {[%clk 0:01:36]} Ne3
{[%clk 0:00:31]} 32. Re2 {[%clk 0:01:38]} Nxd1 {[%clk 0:04:05]} 33. Rxe4
{[%clk 0:01:40]} Nxb2 {[%clk 0:00:18]} 34. dxc5 {[%clk 0:01:39]} Rc8
{[%clk 0:00:20]} 35. Rb4 {[%clk 0:01:28]} Nd3 {[%clk 0:00:22]} 36. Rb7
{[%clk 0:01:30]} Rxc5 {[%clk 0:00:25]} 37. Kf1 {[%clk 0:01:12]} Ra5
{[%clk 0:00:27]} 38. Ke2 {[%clk 0:01:13]} Nf4+ {[%clk 0:00:25]} 39. Ke3
{[%clk 0:01:06]} Nxg2+ {[%clk 0:00:26]} 40. Kf2 {[%clk 0:01:09]} Nf4
{[%clk 0:00:27]} 41. Ke3 {[%clk 0:01:11]} Rxa4 {[%clk 0:00:24]} 42. Nd4
{[%clk 0:01:12]} Nd5+ {[%clk 0:00:24]} 43. Ke4 {[%clk 0:01:14]} Nf6+
{[%clk 0:00:26]} 44. Ke5 {[%clk 0:01:14]} Ng4+ {[%clk 0:00:24]} 45. Kd5
{[%clk 0:01:14]} Nxh2 {[%clk 0:00:21]} 46. Ne6 {[%clk 0:01:14]} Rg4
{[%clk 0:00:12]} 47. Rxa7 {[%clk 0:01:14]} h5 {[%clk 0:00:11]} 48. Ra3
{[%clk 0:00:58]} Nf1 {[%clk 0:00:05]} 49. Ke5 {[%clk 0:00:59]} Ng3
{[%clk 0:00:06]} 50. Ra8+ {[%clk 0:00:56]} Kh7 {[%clk 0:00:09]} 51. Nf8+
{[%clk 0:00:56]} Kh6 {[%clk 0:00:11]} 52. Ne6 {[%clk 0:00:58]} Re4+
{[%clk 0:00:13]} 53. Kd5 {[%clk 0:01:00]} Re1 {[%clk 0:00:12]} 54. Rh8+
{[%clk 0:00:56]} Kg6 {[%clk 0:00:14]} 55. Rf8 {[%clk 0:00:44]} Rd1+
{[%clk 0:00:13]} 56. Ke5 {[%clk 0:00:46]} Re1+ {[%clk 0:00:15]} 57. Kd5
{[%clk 0:00:48]} Rf1 {[%clk 0:00:15]} 58. Rh8 {[%clk 0:00:41]} Nf5
{[%clk 0:00:09]} 59. Ke5 {[%clk 0:00:39]} Re1+ {[%clk 0:00:10]} 60. Kd5
{[%clk 0:00:41]} Ne3+ {[%clk 0:00:12]} 61. Ke5 {[%clk 0:00:42]} Ng4+
{[%clk 0:00:13]} 62. Kd6 Rf1 {[%clk 0:00:10]} 63. Ke7 {[%clk 0:00:42]} Re1
{[%clk 0:00:11]} 64. Kd6 {[%clk 0:00:44]} Rf1 {[%clk 0:00:13]} 65. Ke7
{[%clk 0:00:47]} Nh6 {[%clk 0:00:11]} 66. Ra8 {[%clk 0:00:44]} Nf5+
{[%clk 0:00:13]} 67. Kd7 {[%clk 0:00:46]} Rd1+ {[%clk 0:00:15]} 68. Ke8
{[%clk 0:00:47]} h4 {[%clk 0:00:12]} 69. Ra4 {[%clk 0:00:46]} Re1
{[%clk 0:00:10]} 70. Kd7 {[%clk 0:00:49]} Rd1+ 71. Ke8 Kf6 {[%clk 0:00:06]} 72.
Nf4 {[%clk 0:00:46]} g5 {[%clk 0:00:06]} 73. Nh3 {[%clk 0:00:33]} Re1+
{[%clk 0:00:05]} 74. Kd7 {[%clk 0:00:34]} Rd1+ {[%clk 0:00:07]} 75. Ke8
{[%clk 0:00:36]} Rd3 {[%clk 0:00:08]} 76. Nf2 Rd4 77. Ng4+ {[%clk 0:00:30]} Ke6
{[%clk 0:00:08]} 0-1

[Event "Ch France 2018"]
[Site "?"]
[Date "2018.08.26"]
[Round "15.1"]
[White "Gharamian, Tigran"]
[Black "Edouard, Romain"]
[Result "1/2-1/2"]
[BlackElo "2638"]
[WhiteElo "2614"]
[LiveChessVersion "1.4.8"]

1. e4 {[%clk 0:05:04]} c5 {[%clk 0:05:06]} 2. Nf3 {[%clk 0:05:05]} Nc6
{[%clk 0:05:07]} 3. d4 {[%clk 0:05:06]} cxd4 {[%clk 0:05:09]} 4. Nxd4
{[%clk 0:05:08]} e6 {[%clk 0:05:11]} 5. Nc3 {[%clk 0:05:09]} a6 {[%clk 0:05:13]}
6. Be3 {[%clk 0:04:59]} Nf6 {[%clk 0:05:08]} 7. Qf3 {[%clk 0:04:28]} Bd6
{[%clk 0:03:37]} 8. Nxc6 {[%clk 0:03:43]} bxc6 {[%clk 0:03:34]} 9. Bc4
{[%clk 0:03:42]} Be5 {[%clk 0:03:23]} 10. Bb3 {[%clk 0:03:32]} O-O
{[%clk 0:03:11]} 11. O-O {[%clk 0:03:05]} Qc7 {[%clk 0:03:09]} 12. h3
{[%clk 0:02:23]} d5 {[%clk 0:03:11]} 13. Rad1 {[%clk 0:01:50]} Bb7
{[%clk 0:02:31]} 14. Bc5 {[%clk 0:00:54]} Rfe8 {[%clk 0:02:33]} 15. Rfe1
{[%clk 0:00:51]} Bxc3 {[%clk 0:02:28]} 16. Qxc3 {[%clk 0:00:27]} Nxe4
{[%clk 0:02:29]} 17. Rxe4 {[%clk 0:00:19]} dxe4 {[%clk 0:02:31]} 18. Re1
{[%clk 0:00:21]} Red8 {[%clk 0:02:06]} 19. g3 {[%clk 0:00:18]} a5
{[%clk 0:01:42]} 20. a4 {[%clk 0:00:20]} Rd7 {[%clk 0:01:37]} 21. Rxe4
{[%clk 0:00:21]} Rd1+ {[%clk 0:01:38]} 22. Kh2 {[%clk 0:00:21]} Rad8
{[%clk 0:01:38]} 23. Qe3 {[%clk 0:00:12]} Re8 {[%clk 0:01:11]} 24. c3
{[%clk 0:00:10]} Rd5 {[%clk 0:01:00]} 25. Rg4 {[%clk 0:00:06]} Qd8
{[%clk 0:00:35]} 26. Bb6 {[%clk 0:00:06]} Qe7 {[%clk 0:00:22]} 27. Bxd5
{[%clk 0:00:07]} cxd5 28. Bxa5 {[%clk 0:00:09]} e5 {[%clk 0:00:15]} 29. Rb4
{[%clk 0:00:10]} Ba8 {[%clk 0:00:17]} 30. Rb6 {[%clk 0:00:11]} Qd7
{[%clk 0:00:17]} 31. Bb4 {[%clk 0:00:10]} d4 {[%clk 0:00:16]} 32. cxd4
{[%clk 0:00:05]} exd4 {[%clk 0:00:18]} 33. Rd6 {[%clk 0:00:04]} dxe3
{[%clk 0:00:16]} 34. Rxd7 {[%clk 0:00:06]} exf2 {[%clk 0:00:18]} 35. Rd1
{[%clk 0:00:07]} f5 {[%clk 0:00:13]} 36. Rf1 {[%clk 0:00:09]} Re2
{[%clk 0:00:13]} 37. b3 {[%clk 0:00:09]} Bd5 {[%clk 0:00:12]} 38. Bc5
{[%clk 0:00:12]} Bxb3 {[%clk 0:00:14]} 39. Rxf2 {[%clk 0:00:11]} Re5
{[%clk 0:00:15]} 40. Bd4 {[%clk 0:00:10]} Rd5 {[%clk 0:00:17]} 41. Rf4
{[%clk 0:00:09]} g5 {[%clk 0:00:17]} 42. Rf3 {[%clk 0:00:11]} Bxa4
{[%clk 0:00:17]} 43. Bc3 {[%clk 0:00:13]} Kf7 {[%clk 0:00:16]} 44. Re3
{[%clk 0:00:14]} Rd1 {[%clk 0:00:11]} 45. Re1 {[%clk 0:00:10]} Rd3
{[%clk 0:00:13]} 46. Bb4 {[%clk 0:00:08]} Rb3 {[%clk 0:00:09]} 47. Bd2
{[%clk 0:00:08]} Rb2 48. Re2 Bb5 {[%clk 0:00:08]} 49. Rf2 {[%clk 0:00:12]} Kg6
{[%clk 0:00:10]} 50. h4 {[%clk 0:00:14]} h6 {[%clk 0:00:11]} 51. hxg5
{[%clk 0:00:16]} hxg5 {[%clk 0:00:13]} 52. Be3 {[%clk 0:00:12]} Rb1
{[%clk 0:00:15]} 53. Rc2 {[%clk 0:00:13]} Bd3 {[%clk 0:00:13]} 54. Rd2
{[%clk 0:00:15]} Be4 {[%clk 0:00:14]} 55. Bg1 {[%clk 0:00:17]} Kh5
{[%clk 0:00:15]} 56. Re2 {[%clk 0:00:11]} Kg4 {[%clk 0:00:16]} 57. Rd2
{[%clk 0:00:12]} Ra1 {[%clk 0:00:18]} 58. Rb2 {[%clk 0:00:14]} Ra8
{[%clk 0:00:17]} 59. Bd4 {[%clk 0:00:07]} Rd8 {[%clk 0:00:18]} 60. Rd2
{[%clk 0:00:09]} Rd7 {[%clk 0:00:18]} 61. Kg1 {[%clk 0:00:07]} Rh7
{[%clk 0:00:20]} 62. Be5 {[%clk 0:00:06]} Kf3 {[%clk 0:00:15]} 63. Rf2+
{[%clk 0:00:06]} Ke3 64. Rh2 {[%clk 0:00:05]} Rb7 {[%clk 0:00:19]} 65. Rb2
{[%clk 0:00:07]} Rh7 {[%clk 0:00:14]} 66. Rb3+ {[%clk 0:00:10]} Ke2
{[%clk 0:00:13]} 67. Rb2+ {[%clk 0:00:12]} Kf3 {[%clk 0:00:15]} 68. Rb3+
{[%clk 0:00:13]} Kg4 69. Rb2 {[%clk 0:00:08]} Re7 {[%clk 0:00:15]} 70. Bd6
{[%clk 0:00:05]} Re6 {[%clk 0:00:17]} 71. Rd2 {[%clk 0:00:07]} Rh6
{[%clk 0:00:16]} 72. Kf2 Rh2+ {[%clk 0:00:12]} 73. Ke3 {[%clk 0:00:10]} Rh1
{[%clk 0:00:14]} 74. Kf2 {[%clk 0:00:08]} Kh3 {[%clk 0:00:15]} 75. Ke3
{[%clk 0:00:09]} Re1+ {[%clk 0:00:16]} 76. Kf2 {[%clk 0:00:11]} Rb1
{[%clk 0:00:17]} 77. Ke3 {[%clk 0:00:08]} Rb3+ {[%clk 0:00:17]} 78. Kf2
{[%clk 0:00:10]} Rf3+ {[%clk 0:00:11]} 79. Ke2 {[%clk 0:00:15]} Kh2
{[%clk 0:00:11]} 80. Ke1+ {[%clk 0:00:15]} Kg1 {[%clk 0:00:11]} 81. Bc5+
{[%clk 0:00:11]} Kh1 {[%clk 0:00:13]} 82. Bd6 {[%clk 0:00:14]} Re3+
{[%clk 0:00:07]} 83. Kf2 {[%clk 0:00:16]} Rf3+ {[%clk 0:00:09]} 84. Ke1
{[%clk 0:00:18]} Rb3 {[%clk 0:00:10]} 85. Kf2 {[%clk 0:00:21]} Rb1
{[%clk 0:00:08]} 86. Re2 {[%clk 0:00:20]} Rd1 {[%clk 0:00:07]} 87. Re1+
{[%clk 0:00:20]} Rxe1 {[%clk 0:00:09]} 88. Kxe1 1/2-1/2

[Event "Ch France 2018"]
[Site "?"]
[Date "2018.08.26"]
[Round "16.1"]
[White "Gharamian, Tigran"]
[Black "Edouard, Romain"]
[Result "0-1"]
[BlackElo "2638"]
[WhiteElo "2614"]
[LiveChessVersion "1.4.8"]

1. e4 {[%clk 0:03:03]} c5 {[%clk 0:03:04]} 2. Nf3 Nc6 3. Bb5 {[%clk 0:03:05]} e6
{[%clk 0:03:07]} 4. O-O {[%clk 0:03:01]} Nge7 {[%clk 0:03:08]} 5. d4
{[%clk 0:03:01]} cxd4 {[%clk 0:03:08]} 6. Nxd4 {[%clk 0:03:01]} Qb6
{[%clk 0:03:09]} 7. Nxc6 {[%clk 0:03:00]} Nxc6 {[%clk 0:03:00]} 8. a4
{[%clk 0:02:55]} Qc7 {[%clk 0:02:53]} 9. Kh1 {[%clk 0:02:22]} b6 {[%clk 0:02:52]}
10. Nc3 Bb7 {[%clk 0:02:52]} 11. Qg4 {[%clk 0:02:06]} h5 {[%clk 0:02:45]} 12. Qh3
{[%clk 0:02:07]} Be7 {[%clk 0:02:36]} 13. f4 {[%clk 0:01:54]} O-O-O
{[%clk 0:01:48]} 14. Be3 {[%clk 0:01:53]} Bc5 {[%clk 0:01:19]} 15. Rad1
{[%clk 0:01:46]} a6 {[%clk 0:01:12]} 16. Be2 {[%clk 0:01:43]} Kb8
{[%clk 0:01:05]} 17. Rd2 {[%clk 0:01:21]} Ne7 {[%clk 0:00:58]} 18. Bxc5
{[%clk 0:01:05]} bxc5 {[%clk 0:00:57]} 19. e5 {[%clk 0:00:58]} d5
{[%clk 0:00:49]} 20. exd6 {[%clk 0:00:57]} Rxd6 {[%clk 0:00:50]} 21. Rxd6
{[%clk 0:00:58]} Qxd6 {[%clk 0:00:52]} 22. Bf3 {[%clk 0:00:59]} Nf5
{[%clk 0:00:45]} 23. Bxb7 {[%clk 0:00:41]} Kxb7 {[%clk 0:00:46]} 24. Ne4
{[%clk 0:00:42]} Qc6 25. Ng5 {[%clk 0:00:43]} Qc7 {[%clk 0:00:27]} 26. Qf3+
{[%clk 0:00:41]} Ka7 {[%clk 0:00:28]} 27. Rd1 {[%clk 0:00:38]} Rb8
{[%clk 0:00:23]} 28. b3 {[%clk 0:00:37]} Rb4 {[%clk 0:00:24]} 29. g3
{[%clk 0:00:28]} g6 {[%clk 0:00:19]} 30. Qf2 {[%clk 0:00:14]} h4 {[%clk 0:00:18]}
31. Kg1 {[%clk 0:00:14]} hxg3 {[%clk 0:00:18]} 32. hxg3 {[%clk 0:00:16]} Rd4
{[%clk 0:00:18]} 33. Rxd4 {[%clk 0:00:13]} cxd4 {[%clk 0:00:20]} 34. g4
{[%clk 0:00:13]} Ne3 {[%clk 0:00:19]} 35. c4 {[%clk 0:00:09]} Qb6
{[%clk 0:00:13]} 36. Nxf7 {[%clk 0:00:05]} Qxb3 {[%clk 0:00:14]} 37. Qf3
{[%clk 0:00:04]} Qxc4 {[%clk 0:00:11]} 38. Ne5 {[%clk 0:00:05]} Qc1+ 39. Kh2 Qc2+
{[%clk 0:00:07]} 40. Kh3 {[%clk 0:00:07]} Qxa4 {[%clk 0:00:07]} 41. Nc6+
{[%clk 0:00:07]} Kb6 {[%clk 0:00:08]} 42. Ne5 {[%clk 0:00:06]} Qc2
{[%clk 0:00:08]} 43. Qa8 {[%clk 0:00:06]} Nd5 {[%clk 0:00:04]} 44. Qb8+
{[%clk 0:00:05]} Ka5 {[%clk 0:00:05]} 45. Qd8+ {[%clk 0:00:03]} Ka4
{[%clk 0:00:04]} 46. Qd6 {[%clk 0:00:04]} Qc3+ {[%clk 0:00:04]} 47. Qxe6
{[%clk 0:00:05]} Qa5 {[%clk 0:00:04]} 48. Kh4 {[%clk 0:00:06]} Qc5
{[%clk 0:00:06]} 49. Nc6 {[%clk 0:00:06]} 0-1

[Event "Ch France 2018"]
[Site "?"]
[Date "2018.08.26"]
[Round "17.1"]
[White "Edouard, Romain"]
[Black "Gharamian, Tigran"]
[Result "0-1"]
[BlackElo "2614"]
[WhiteElo "2638"]
[LiveChessVersion "1.4.8"]

1. d4 {[%clk 0:03:03]} Nf6 {[%clk 0:03:03]} 2. c4 e6 3. Nc3 {[%clk 0:03:06]} Bb4
{[%clk 0:03:06]} 4. Nf3 {[%clk 0:03:07]} c5 {[%clk 0:03:03]} 5. g3
{[%clk 0:03:08]} cxd4 {[%clk 0:03:02]} 6. Nxd4 {[%clk 0:03:09]} O-O
{[%clk 0:03:01]} 7. Bg2 {[%clk 0:03:10]} d5 {[%clk 0:03:02]} 8. cxd5
{[%clk 0:02:55]} Nxd5 {[%clk 0:03:03]} 9. Qb3 {[%clk 0:02:54]} Nc6
{[%clk 0:02:59]} 10. Nxc6 {[%clk 0:02:54]} bxc6 {[%clk 0:03:00]} 11. O-O
{[%clk 0:02:52]} Rb8 {[%clk 0:03:01]} 12. Qc2 {[%clk 0:02:26]} Bxc3
{[%clk 0:02:00]} 13. bxc3 {[%clk 0:02:27]} Qa5 {[%clk 0:01:53]} 14. c4
{[%clk 0:02:10]} Qc3 {[%clk 0:01:45]} 15. Qxc3 {[%clk 0:02:08]} Nxc3
{[%clk 0:01:46]} 16. Re1 {[%clk 0:02:09]} Rd8 {[%clk 0:01:24]} 17. Bf4
{[%clk 0:01:56]} Rb2 {[%clk 0:01:05]} 18. Be5 {[%clk 0:01:55]} Nxe2+
{[%clk 0:01:01]} 19. Kh1 {[%clk 0:01:22]} Nd4 {[%clk 0:00:55]} 20. c5
{[%clk 0:01:14]} f6 {[%clk 0:00:39]} 21. Bxd4 {[%clk 0:00:45]} Rxd4
{[%clk 0:00:41]} 22. Kg1 {[%clk 0:00:43]} Rc2 {[%clk 0:00:35]} 23. Rad1
{[%clk 0:00:39]} Rxd1 {[%clk 0:00:31]} 24. Rxd1 {[%clk 0:00:40]} Kf7
{[%clk 0:00:29]} 25. Bxc6 {[%clk 0:00:40]} Rxc5 {[%clk 0:00:28]} 26. Ba4
{[%clk 0:00:42]} f5 {[%clk 0:00:18]} 27. Bb3 {[%clk 0:00:42]} Kf6
{[%clk 0:00:19]} 28. f3 {[%clk 0:00:39]} Bb7 {[%clk 0:00:19]} 29. Kf2
{[%clk 0:00:28]} Bd5 {[%clk 0:00:21]} 30. h4 {[%clk 0:00:17]} g6 {[%clk 0:00:16]}
31. Rd2 {[%clk 0:00:15]} h6 {[%clk 0:00:17]} 32. f4 {[%clk 0:00:14]} g5
{[%clk 0:00:12]} 33. hxg5+ {[%clk 0:00:15]} hxg5 {[%clk 0:00:12]} 34. fxg5+
{[%clk 0:00:16]} Kxg5 {[%clk 0:00:13]} 35. Bxd5 {[%clk 0:00:10]} Rxd5
{[%clk 0:00:13]} 36. Rb2 {[%clk 0:00:11]} Ra5 {[%clk 0:00:14]} 37. Kf3
{[%clk 0:00:09]} Ra3+ {[%clk 0:00:14]} 38. Kg2 e5 39. Re2 {[%clk 0:00:10]} e4
{[%clk 0:00:14]} 40. Rf2 {[%clk 0:00:10]} a5 {[%clk 0:00:14]} 41. Kh3
{[%clk 0:00:06]} Rd3 {[%clk 0:00:12]} 42. Rc2 {[%clk 0:00:06]} f4
{[%clk 0:00:10]} 43. Rc5+ {[%clk 0:00:07]} Kf6 {[%clk 0:00:11]} 44. Kg4
{[%clk 0:00:04]} fxg3 {[%clk 0:00:12]} 45. Kh3 {[%clk 0:00:03]} Ke6
{[%clk 0:00:08]} 0-1